Sổ tay hướng dẫn đổi mới phương pháp quản lý, giảng dạy - nâng cao chất lượng dạy và học trong nhà trường
v.v...
Đã lưu trong:
| Định dạng: | Sách |
|---|---|
| Năm xuất bản: |
H.:
Lao động - xã hội,
2012.
|
| Chủ đề: | |
| Tags: |
Thêm thẻ
Không có thẻ, Hãy là người đầu tiên gắn thẻ bản ghi này!
|
| LEADER | 00656nam a2200145 4500 | ||
|---|---|---|---|
| 082 | |a 371.3 |b S450t. | ||
| 100 | |a | ||
| 245 | |a Sổ tay hướng dẫn đổi mới phương pháp quản lý, giảng dạy - nâng cao chất lượng dạy và học trong nhà trường |c Quý Long, Kim Thư sưu tầm và hệ thống hóa | ||
| 260 | |a H.: |b Lao động - xã hội, |c 2012. | ||
| 300 | |a 464 tr.; |c 28 cm. | ||
| 520 | |a v.v... | ||
| 653 | |a Trường học - Dạy và học | ||
| 942 | |2 ddc |c SH | ||
| 999 | |c 11245 |d 11245 | ||
| 952 | |0 0 |1 0 |2 ddc |4 0 |6 371_300000000000000_S450T |7 0 |8 300 |9 96575 |a qbu |b qbu |c D2 |d 2015-10-02 |g 325000 |o 371.3 S450t. |p 10654.c1 |r 0000-00-00 |w 2015-10-02 |y SH | ||